000 00520nam a2200193Ia 4500
003 OSt
005 20251219155625.0
008 220923b |||||||| |||| 00| 0 ben d
037 _cTB
040 _aARTS
_cARTS
_bben
041 _2ben
_aben
084 _aO157,1M61:g K5
_qAL
100 _aBhattacharya
_9858184
245 0 _aRabindranather bigyan chetna
260 _c1965
650 _aBENGALI LITERATURE
_9858185
942 _hO157,1M61:g, K51
_cTB
_2CC
_n0
999 _c441828
_d441828